How did rappers Die - Statistics

General Stats
  • This quiz has been taken 50 times
  • The average score is 10 of 15
Answer Stats
Question Answer % Correct
Tupac Murder
100%
XXXTENTACION Murder
93%
Biggie Murder
93%
Juice WRLD Overdose
93%
King Von Murder
89%
Mac Miller Overdose
86%
Lil Peep Overdose
84%
Pop Smoke Murder
82%
Takeoff Murder
66%
Notti Osama Murder
61%
Young Dolph Murder
57%
Lil Loaded Other
57%
DMX Other
36%
Soulja Slim Murder
32%
Eazy-E Overdose
2%
No matching quizzes found
Score Distribution
Percent of People with Each Score
Percentile by Number Answered
Your Score History
You have not taken this quiz